The Noobic Stratocracy-Divisions - Statistics

General Stats
  • This quiz has been taken 4 times
  • The average score is 15 of 30
Answer Stats
Hint Answer % Correct
1NF 1st Noobic Fleet
100%
NNAC Noobic Naval Aerial Corps
100%
1ND 1st Noob Division
50%
2ND 2nd Noob division
50%
¨The Agency¨ 2nd Noobic Intelligence Agency
50%
3ND 3rd Noob Division
50%
4NSB 4th Noob Support Battalion
50%
5NSO 5th Noobic Special Operations
50%
6AAU 6th Air Ambulance Unit
50%
6NLA 6th Noobic Logistics Agency
50%
GSCEC Ground Service Combat Engineering Corps
50%
GSMC Ground Service Medical Corps
50%
MPSRT Military Police Special Response Team
50%
NFAM Naval Force America
50%
NFAS Naval Force Asia
50%
NFEU Naval Force Europe
50%
NAC Noobic Armored corps
50%
NHG Noobic Honor Guard
50%
NMC Noobic Marine Corps
50%
NMSOC Noobic Marines Special Operations Command
50%
NNGC Noobic Naval Ground Corps
50%
NSLA Noobic Stratocracy Leadership Assemblage
50%
NTC Noobic Training Corps
50%
SPS Special Protection Service
50%
SAA Stratocratic Aviation Academy
50%
STEC Stratocratic Engineering Corps
50%
SMIC Stratocratic Media and Information Control
50%
SMP Stratocratic Military Police
50%
SMA Stratocractic Military Academy
0%
SRS Stratocractic Recruitment Service
0%
No matching quizzes found
Score Distribution
Percent of People with Each Score
Percentile by Number Answered
Your Score History
You have not taken this quiz